Mamíferos del Ecuador: guía de campo publicación especial 6

La guía de campo de los mamíferos del Ecuador es la más completa obra sobre este grupo animal que se haya publicado en la historia del país

Chi tiết về thư mục
Tác giả chính: Tirira, Diego
Định dạng: Sách
Ngôn ngữ:Spanish
Những chủ đề:

MARC

LEADER 00000nam a2200000 a 4500
001 4302
003 Ucuenca
005 20230308183907.0
008 012120|2007 ||||||||r|||||||||||spa||
020 |a 9978446516 
040 |b spa 
041 1 |a spa 
082 0 |a 599.866 
100 1 |a Tirira, Diego  |9 108081 
245 0 0 |a Mamíferos del Ecuador: guía de campo  |c Diego Tirira  |h imp  |p publicación especial 6 
264 |a Quito  |b Ediciones murciélago  |c 2007 
300 |a 576 páginas:  |b ilu  |c 20 cm 
520 3 |a La guía de campo de los mamíferos del Ecuador es la más completa obra sobre este grupo animal que se haya publicado en la historia del país 
650 |a Mamiferos del ecuador  |9 108082 
650 |a Armadillos  |9 108083 
650 |a Perezosos   |9 108084 
650 |a Conejos  |9 70276 
650 |a Roedores  |9 24457 
650 |a Liebres  |9 108085 
650 |a Osos hormigueros  |9 108086 
852 |a UC-YANUNCAY  |f Compra  |k bcabrera  |l 1  |m General  |p 20121205  |q 40,00  |r 2  |t 4302  |b 0  |d CDRY  |e CDRY  |g 599.866 SALA 1 AGROPECUARIAS  |z 2012-21-20 
942 |c BK  |z esthela.durán@ucuenca.edu.ec  |0 1 
999 |c 64621  |d 64621